[Event "FRA-chT3 Gr5 "]
[Site "Bretagne"]
[Date "2006.??.??"]
[Round "9.8"]
[White "Poulain, Maxime"]
[Black "Guereven, Sonia"]
[Result "0-1"]
[WhiteElo "1610"]
[BlackElo "1710"]
[PlyCount "92"]
[EventDate "2006.??.??"]
[EventType "team-tourn"]
[EventRounds "9"]
[EventCountry "FRA"]
[SourceTitle "EXT 2007"]
[Source "ChessBase"]
[SourceDate "2006.11.23"]
[SourceVersion "1"]
[SourceVersionDate "2006.11.23"]
[SourceQuality "1"]
[WhiteTeam "Saint Nazaire"]
[WhiteTeamCountry "FRA"]

1. d4 Nf6 2. Nf3 g6 3. c4 Bg7 4. Nc3 0-0 5. Bf4 d6 6. h3 Nbd7 7. e3 Qe8 8. Be2 e5 9. Bh2 Qe7 10. 0-0 e4 11. Nd2 a6 12. Qc2 Re8 13. Rfe1 b6 14. f3 Bb7 15. d5 exf3 16. Bxf3 Ne5 17. e4 Nfd7 18. Rf1 Rf8 19. Kh1 Rae8 20. Rae1 Bc8 21. b3 Nc5 22. Be2 f5 23. Bxe5 Qxe5 24. Nd1 Nxe4 25. Nxe4 Qxe4 26. Qxe4 Rxe4 27. Bf3 Re5 28. Nf2 Rfe8 29. Nd3 Re3 30. Rxe3 Rxe3 31. Re1 Rxe1+ 32. Nxe1 Be5 33. Kg1 Kf7 34. Be2 Kf6 35. Nf3 g5 36. Kf2 h5 37. Nxe5 dxe5 38. Bxh5 e4 39. Be2 Ke5 40. Ke3 f4+ 41. Kd2 Kd4 42. Bd1 Bf5 43. Bh5 e3+ 44. Ke2 Bd3+ 45. Kf3 Be4+ 46. Kg4 e2 0-1

[Event "Nogent le Retrou op"]
[Site "Nogent le Retrou "]
[Date "2005.03.27"]
[Round "4"]
[White "Poulain, Maxime"]
[Black "Raffeneau, Frederic"]
[Result "0-1"]
[WhiteElo "1350"]
[BlackElo "1951"]
[PlyCount "66"]
[EventDate "2005.03.25"]
[EventType "swiss"]
[EventRounds "9"]
[EventCountry "FRA"]
[SourceTitle "EXT 2007"]
[Source "ChessBase"]
[SourceDate "2006.11.23"]
[SourceVersion "1"]
[SourceVersionDate "2006.11.23"]
[SourceQuality "1"]

1. e4 c5 2. Nf3 d6 3. d4 cxd4 4. Nxd4 Bd7 5. Bd3 g6 6. Be3 Bg7 7. Nc3 Nf6 8. Qd2 Nc6 9. Nxc6 bxc6 10. Bh6 0-0 11. f3 Qb6 12. 0-0-0 Rfb8 13. b3 Bh8 14. Na4 Qc7 15. g4 c5 16. Nb2 a5 17. a4 Bc6 18. h4 Nd7 19. Nc4 Bxa4 20. Nxa5 Qa7 21. h5 Bxb3 22. cxb3 Qxa5 23. Qxa5 Rxa5 24. hxg6 hxg6 25. Bc4 Ne5 26. Bd5 c4 27. bxc4 Nxc4 28. Bxc4 Rc8 29. Kd2 Rxc4 30. Ke3 Ra3+ 31. Kf4 Be5+ 32. Kg5 Rxf3 33. Kh4 Rxe4 0-1

[Event "Nogent le Retrou op"]
[Site "Nogent le Retrou "]
[Date "2005.03.26"]
[Round "3"]
[White "Dubois, Adrien"]
[Black "Poulain, Maxime"]
[Result "0-1"]
[WhiteElo "1199"]
[BlackElo "1350"]
[PlyCount "48"]
[EventDate "2005.03.25"]
[EventType "swiss"]
[EventRounds "9"]
[EventCountry "FRA"]
[SourceTitle "EXT 2007"]
[Source "ChessBase"]
[SourceDate "2006.11.23"]
[SourceVersion "1"]
[SourceVersionDate "2006.11.23"]
[SourceQuality "1"]

1. e4 e5 2. Bc4 Nf6 3. Nc3 Bb4 4. Qf3 0-0 5. d3 Bxc3+ 6. bxc3 h6 7. d4 d6 8. h3 Nbd7 9. Be3 b6 10. Qg3 Nh5 11. Qh2 Bb7 12. g4 Nhf6 13. Nf3 Nxe4 14. dxe5 Nxe5 15. Nxe5 dxe5 16. Qxe5 Nf6 17. Qf5 Bxh1 18. Be2 Qd5 19. Qxd5 Bxd5 20. Bf1 Bf3 21. Rd1 Rfe8 22. Kd2 Rad8+ 23. Bd3 Bxd1 24. Kxd1 Ne4 0-1